East Coast or West Coast USA Click Quiz - Statistics

General Stats
  • This quiz has been taken 184 times
    180 since last reset
  • The average score is 23 of 30
Answer Stats
Hint Answer % Correct
Also called the Pacific Coast West Coast
92%
Gets more earthquakes West Coast
91%
Closer to China West Coast
90%
Has the original 13 Colonies East Coast
90%
Hosts the US Surfing Open West Coast
88%
Has the most well known "Bay Area" West Coast
86%
Has the Sierra Nevada West Coast
86%
Closer to Africa East Coast
86%
Connects to the Baja peninsula West Coast
85%
Runs further south East Coast
85%
Has more states East Coast
84%
Has more cities founded as Spanish missions West Coast
83%
Gets more hurricanes East Coast
81%
Has In-N-Out Burger West Coast
79%
Home to the US Naval Academy East Coast
79%
Explored by George Vancouver West Coast
78%
Has the higher population East Coast
77%
Has the Appalachians East Coast
77%
Has a longer shoreline East Coast
76%
Has the Olympic Mountains West Coast
74%
Gets more snow East Coast
72%
Birthplace of grunge music West Coast
69%
Home base of NWA West Coast
67%
Has Puget Sound West Coast
65%
Home to the Chinook salmon West Coast
65%
Birthplace of hip hop East Coast
65%
Where Jay-Z lives East Coast
59%
The setting of Jaws East Coast
55%
Has the "capital" of Latin America East Coast
51%
Has the most populous American Chinatown East Coast
45%
No matching quizzes found
Score Distribution
Percent of People with Each Score
Percentile by Number Answered
Your Score History
You have not taken this quiz since the last reset